LIBRARY & INFORMATION CENTRE, KCAET, TAVANUR

ONLINE PUBLIC ACCESS CATALOGUE (OPAC)

History of plant pathology of south east Asia with special reference to India / (Record no. 9289)

MARC details
000 -LEADER
fixed length control field 00599cam a2200205ua 4500
020 ## - INTERNATIONAL STANDARD BOOK NUMBER
ISBN 81 86580 00 x
041 ## - LANGUAGE CODE
Language code of text/sound track or separate title eng
082 ## - DEWEY DECIMAL CLASSIFICATION NUMBER
Classification number 581.20954
Item number RAY/HI
100 ## - MAIN ENTRY--AUTHOR NAME
Personal name Ragchoudhary, S P .
245 ## - TITLE STATEMENT
Title History of plant pathology of south east Asia with special reference to India /
250 ## - EDITION STATEMENT
Edition statement 1 /
260 ## - PUBLICATION, DISTRIBUTION, ETC. (IMPRINT)
Place of publication Newdelhi :
Name of publisher A P C Publications pvt Ltd ,
Year of publication 1996.
300 ## - PHYSICAL DESCRIPTION
Number of Pages 124 ; .
700 1# - ADDED ENTRY--PERSONAL NAME
Personal name Johnston, Anthony .
700 1# - ADDED ENTRY--PERSONAL NAME
Personal name Sarabhoy, A K .
942 ## - ADDED ENTRY ELEMENTS (KOHA)
Koha item type Books
Holdings
Withdrawn status Lost status Damaged status Home library Current library Date acquired Full call number Accession Number Koha item type
      KAUAET KAUAET 07/04/2012 581.20954 RAG/HI 19712 Books
free website counter